Teams That Have Played in Three Consecutive FA Cup Finals - Statistics

General Stats
  • This quiz has been taken 242 times
  • The average score is 6 of 9
Answer Stats
Years Club % Correct
1978, 1979, 1980 & 2001, 2002, 2003 Arsenal
97%
2023, 2024, 2025 Manchester City
97%
1994, 1995, 1996 Manchester United
96%
2020, 2021, 2022 Chelsea
93%
1984, 1985, 1986 Everton
83%
1884, 1885, 1886 Blackburn Rovers
56%
1876, 1877, 1878 Wanderers
55%
1881, 1882, 1883 Old Etonians
34%
1886, 1887, 1888 West Bromwich Albion
21%
No matching quizzes found
Score Distribution
Percent of People with Each Score
Percentile by Number Answered
Your Score History
You have not taken this quiz